Normal view
MARC view
- علان، مأمون حسين
Entry Personal Name
001 - CONTROL NUMBER
- control field: 50153
003 - CONTROL NUMBER IDENTIFIER
- control field: JO-AjAnu
005 - DATE AND TIME OF LATEST TRANSACTION
- control field: 20230606082247.0
008 - FIXED-LENGTH DATA ELEMENTS
- fixed length control field: 230606|| aca||aabn | a|a d
040 ## - CATALOGING SOURCE
- Original cataloging agency: JO-AjAnu
- Transcribing agency: JO-AjAnu
100 ## - HEADING--PERSONAL NAME
- Personal name: علان، مأمون حسين
670 ## - SOURCE DATA FOUND
- Source citation: Work cat.: (JO-AjAnu)25643: علان، مأمون حسين, author, السياحة الجيولوجية في الأردن = Geotourism in Jordan